Sports Quiz

Random Sports or Basketball Quiz

'Voweled' Out Quiz Stats

 Plays Quiz not verified by Sporcle

Challenge
Share
Tweet
Embed
Score 0/35 Timer 05:00
0 Plays Today
'Voweled' Out Name Player Name % Correct
RJBLLRaja Bell
72.5%
LLDNGLuol Deng
67.5%
DSHWNSTVNSNDeShawn Stevenson
62.5%
CHRLVLLNVCharlie Villanueva
62.5%
DVDLDavid Lee
62.5%
LMRDMLamar Odom
60%
BRKLPZBrook Lopez
57.5%
HDTRKGLHedo Turkoglu
57.5%
PLPRCPaul Pierce
55%
PGSLPau Gasol
55%
TRVRRZTrevor Ariza
55%
MNTLLSMonta Ellis
52.5%
JMSPSYJames Posey
52.5%
SRGBKSerge Ibaka
52.5%
BRNDNRYBrandon Roy
52.5%
BNDRHBeno Udrih
47.5%
BRSDWBoris Diaw
45%
LKRDNRLuke Ridnour
45%
'Voweled' Out Name Player Name % Correct
BRNDVSBaron Davis
42.5%
MNGNBLManu Ginobili
42.5%
JKMNHJoakim Noah
37.5%
DRWGDNDrew Gooden
37.5%
NDRKRLNKAndrei Kirilenko
37.5%
JRMNNLJermaine O'Neal
35%
MRSTDMRAmare Stoudemire
35%
DQNCKDaequan Cook
35%
RNBRKSAaron Brooks
35%
NDRBRGNNAndrea Bargnani
32.5%
RRNFFLLArron Afflalo
27.5%
GRNDRGCGoran Dragic
27.5%
LHRFRDAl Horford
25%
DNSHSLMUdonis Haslem
22.5%
JMYO.J. Mayo
20%
NDRGDLAndre Iguodala
20%
RCBLDSEric Bledsoe
15%

You're not logged in!

Compare scores with friends on all Sporcle quizzes.
OR
Log In

You Might Also Like...

Show Comments

Extras

Top Quizzes Today


Score Distribution

Your Account Isn't Verified!

In order to create a playlist on Sporcle, you need to verify the email address you used during registration. Go to your Sporcle Settings to finish the process.

Report this User

Report this user for behavior that violates our Community Guidelines.

Details: